LEADER 00984nam a2200253 i 4500 001 000000113961 003 CaOOAMICUS 005 20030408000000.0 008 030408s1932 it u000 u ita u 013 $a86647 040 $aSeMil$bita 100 1 $aCojazzi, Antonio,$d<1880-1953>.$0(OLS)http://semarc/name/4173 245 10$aGiosuč Borsi /$cAntonio Cojazzi. 250 $a3. ed. riveduta. 260 $aTorino :$bSEI,$cstampa 1932. 300 $aVIII, 222 p. ;$c21 cm. 490 0 $aBiblioteca della "Rivista dei giovani" ;$v9 600 14$aBorsi, Giosuč <1888-1915>.$0(OLS)http://semarc/subject/17719 830 0$aBiblioteca della Rivista dei giovani [SEI] ;$v9.$0(OLS)http://semarc/title/31302 850 $aSeMil 852 $aSeMil$W1$xVenegono$y1$m54 55 9 *$j69606$B69606$CSeMilBibl$Z2$F74978 $81 961 $aLascito: Zurleni Domenico 996 $6245$aGiosuč Borsi$9(OLS)http://semarc/title/166513 996 $6260$aTorino :$bSEI$9(OLS)http://semarc/publisher/29848 LEADER 00876nam a2200217 i 4500 001 000000090958 003 CaOOAMICUS 005 20151124000000.0 008 151124s1877 it u000 u ita u 013 $a63200 040 $aSeMil$bita 100 1 $aBiraghi, Luigi,$c.$0(OLS)http://semarc/name/4214 245 10$aScritti recenti /$cdel sac. Luigi Biraghi. 260 $aMilano :$bTip. Ditta G.B. Pogliani e C. dei Fratelli Besozzi,$c1877. 300 $a48 p. ;$c15 cm. 500 $aEstratto dal giornale di Milano Lo spettatore. 773 0 $t[L. Biraghi.$w()32840 850 $aSeMil 852 $aSeMil$W1$xVenegono$y1$m3J VII 1/1 FA$j53919$B53919$CSeMilBibl$Z2$F58559 $8I 996 $6245$aScritti recenti$9(OLS)http://semarc/title/137027 996 $6260$aMilano :$bTip. Ditta G.B. Pogliani e C. dei Fratelli Besozzi$9(OLS)http://semarc/publisher/43718